000
00270nam a2200121 a 4500
008
091015s1974|||| d
100
1
_a
Gabaj, F.
245
1
0
_a
Maturantka Eva
260
_b
Mladé letá
_a
Bratislava
_c
1974
020
_c
17
041
_a
slo
044
_a
xo
_c
SK
999
_c
546
_d
546